000 00843nam a22002177a 4500
999 _c176145
_d176145
005 20201119122757.0
010 _aENG-128590
020 _a9789353948030
_c825.00
035 _aEN-112122
037 _bDBAD/PUB
082 _a540
100 _aGanguly, Ananya
245 _aJEE Advanced Chemistry: Physical Chemistry-I/
_cAnanya Ganguly, ed. by Biswajit Das, Shalu Sharma and Ashi Jain
260 _aUttar Pradesh
_bPearson India Education Services Pvt. Ltd.
_c2021
270 _bUttar Pradesh
_e201301
_mcompanysecretary.india@pearson.com
_a15th Floor, Tower-B, World Trade Tower, Plot No-1, Block-C, Sector-16, Noida, UP- 201301
_k044-66540100
300 _axvii+various pages.
_c26cm(pbk)
_bTables & Ill.
700 _aDas, Biswajit
700 _aSharma, Shalu
700 _aJain, Ashi
942 _2ddc
_cEN
_h540
_mGAN